[Event "57th Biel Festival MTO 2024"]
[White "Koustav Chatterjee"]
[Black "Nurman,Alua"]
[Site "Biel"]
[Round "10.14"]
[Annotator "TA"]
[Result "1/2-1/2"]
[Date "2024.07.25"]
[WhiteElo "2525"]
[BlackElo "2274"]
[PlyCount "99"]

1. Nf3 Nf6 2. g3 g6 3. b3 Bg7 4. Bb2 O-O 5. Bg2 d6 6. d4 a5 7. a4 Nc6 8. O-O Bf5 9. Re1 e5 10. dxe5 dxe5 11. Na3 Qe7 12. Nh4 Be6 13. Bxc6 bxc6 14. e4 Nd7 15. Qe2 Nb6 16. Rad1 Bh6 17. Nb1 Rfb8 18. Ba3 Qe8 19. Qf3 Nd7 20. Qc3 Ra6 21. Nd2 Bf8 22. Bxf8 Qxf8 23. Ng2 Qb4 24. Qa1 Rd8 25. Ne3 f6 26. Ndc4 Raa8 27. Rd3 Nb6 28. Nb2 Kf7 29. f3 Qc5 30. Kg2 Rd6 31. Qc1 Rad8 32. Red1 Qa3 33. h4 h5 34. Qb1 Qc5 35. Kf2 Rd4 36. Qc1 Qa3 37. Qb1 Qc5 38. Qa1 Kg7 39. c3 R4d7 40. Rxd7+ Nxd7 41. Nd3 Qb6 42. Qa3 Re8 43. b4 Kf7 44. Qc1 Ra8 45. Qc2 Qa7 46. Ra1 c5 47. b5 c4 48. Nb2 Qc5 49. Rd1 Nb6 50. Ke2 1/2-1/2

[Event "57th Biel Festival MTO 2024"]
[White "Balabayeva,Xeniya"]
[Black "Xiao,Tong"]
[Site "Biel"]
[Round "10.15"]
[Annotator "TA"]
[Result "0-1"]
[Date "2024.07.25"]
[WhiteElo "2246"]
[BlackElo "2518"]
[PlyCount "106"]

1. e4 c5 2. Nf3 d6 3. Bb5+ Nd7 4. d4 cxd4 5. Qxd4 a6 6. Bxd7+ Bxd7 7. Nc3 Rc8 8. O-O e5 9. Qd3 Qc7 10. a4 Be6 11. Nd2 Nf6 12. Rd1 h6 13. Nf1 Qc4 14. Ne3 Qxd3 15. Rxd3 Be7 16. f3 O-O 17. a5 Rc7 18. Bd2 Rfc8 19. Be1 Bf8 20. Na4 Nd7 21. Bb4 Rc6 22. Rad1 b5 23. axb6 Nxb6 24. Nxb6 Rxb6 25. Bxd6 Rxb2 26. Bxe5 Rb5 27. Bd6 a5 28. Bxf8 Kxf8 29. f4 g6 30. g4 Re8 31. Rd4 Rc5 32. R1d2 Kg7 33. e5 g5 34. f5 Bc8 35. Nc4 Ba6 36. Nd6 Rexe5 37. Ne4 Rc4 38. Ng3 Rxd4 39. Rxd4 Re1+ 40. Kf2 Rc1 41. Rd2 a4 42. Rd8 Rxc2+ 43. Ke3 Rc6 44. Nh5+ Kh7 45. Rf8 a3 46. Rxf7+ Kg8 47. Rd7 a2 48. Rd1 Rb6 49. f6 Rb1 50. Rd8+ Kf7 51. Rd7+ Ke6 52. f7 Re1+ 53. Kd2 a1=Q 0-1

[Event "57th Biel Festival MTO 2024"]
[White "Sokolovsky,Yahli"]
[Black "Narayanan,Samrug"]
[Site "Biel"]
[Round "10.16"]
[Annotator "RC"]
[Result "0-1"]
[Date "2024.07.25"]
[WhiteElo "2492"]
[BlackElo "2335"]
[PlyCount "106"]

1. e4 e5 2. Nf3 Nc6 3. Bb5 a6 4. Ba4 Nf6 5. O-O Be7 6. Re1 b5 7. Bb3 d6 8. c3 O-O 9. h3 Bb7 10. d3 Na5 11. Bc2 c5 12. Nbd2 Qc7 13. Nf1 Rfe8 14. Bg5 h6 15. Bh4 Nh5 16. Ne3 Nf4 17. Bg3 Ng6 18. Qd2 Bf8 19. b4 Nc6 20. a4 Rad8 21. axb5 axb5 22. Bb3 Qd7 23. Nd5 cxb4 24. cxb4 Nge7 25. Bh4 Rb8 26. Bxe7 Bxe7 27. d4 exd4 28. Nxd4 Nxd4 29. Qxd4 Bd8 30. Re3 Bxd5 31. Rg3 Re5 32. Bxd5 Bb6 33. Qd2 Kh8 34. Raa3 Qe7 35. Raf3 Rf8 36. Qf4 Bd4 37. Qd2 Bb6 38. Rg4 Qa7 39. Rfg3 g5 40. h4 f5 41. Rf3 Qe7 42. Rgg3 f4 43. Rg4 Qd7 44. Rgg3 Qd8 45. Rg4 Qd7 46. Bb3 d5 47. Rgg3 Qe7 48. Rg4 dxe4 49. hxg5 exf3 50. gxh6 fxg2 51. Qc3 f3 52. h7 Bxf2+ 53. Kxf2 Qa7+ 0-1

[Event "57th Biel Festival MTO 2024"]
[White "Smirnov,Mark"]
[Black "Deuer,Marius"]
[Site "Biel"]
[Round "10.17"]
[Annotator "TA"]
[Result "0-1"]
[Date "2024.07.25"]
[WhiteElo "2203"]
[BlackElo "2435"]
[PlyCount "58"]

1. e4 e5 2. Nf3 Nc6 3. Bb5 a6 4. Ba4 Nf6 5. O-O Be7 6. d3 d6 7. c3 O-O 8. h3 b5 9. Bb3 Bb7 10. Be3 Nb8 11. c4 Nbd7 12. a3 bxc4 13. Bxc4 c6 14. Qb3 Rb8 15. Bxf7+ Rxf7 16. Ng5 d5 17. Ba7 Rc8 18. Ne6 Qe8 19. Qxb7 Nc5 20. Nxc5 Bxc5 21. Qxc8 Qxc8 22. Bxc5 Nh5 23. Nc3 Nf4 24. Be3 Nxh3+ 25. gxh3 Qxh3 26. Ne2 d4 27. Bc1 Qg4+ 28. Ng3 h5 29. Kh2 Rf3 0-1

[Event "57th Biel Festival MTO 2024"]
[White "Materia,Marco"]
[Black "Rosen,Eric"]
[Site "Biel"]
[Round "10.18"]
[Annotator "TA"]
[Result "1-0"]
[Date "2024.07.25"]
[WhiteElo "2453"]
[BlackElo "2361"]
[PlyCount "83"]

1. Nf3 d5 2. e3 Nf6 3. c4 e6 4. Nc3 b6 5. b3 Bb7 6. Bb2 Nbd7 7. Rc1 a6 8. cxd5 exd5 9. d4 Bd6 10. g3 Qe7 11. Bg2 O-O-O 12. Rc2 Kb8 13. Kd2 Ne4+ 14. Kc1 f5 15. Kb1 g5 16. Ne1 f4 17. exf4 gxf4 18. Nd3 Qg7 19. Ne2 fxg3 20. hxg3 Rhf8 21. Rf1 Rde8 22. Nef4 Bxf4 23. Nxf4 Rxf4 24. gxf4 Qxg2 25. f3 Qg6 26. fxe4 Qxe4 27. Ka1 Nf6 28. Qc1 Re7 29. f5 Rf7 30. Rcf2 a5 31. a4 Ba6 32. Rg1 Qd3 33. Ka2 Kb7 34. Qf4 Ne4 35. Rf3 Qe2 36. Rc1 b5 37. Re3 Qg2 38. Qe5 Nd6 39. Rxc7+ Rxc7 40. Qxd6 bxa4 41. Re6 axb3+ 42. Ka3 1-0

[Event "57th Biel Festival MTO 2024"]
[White "Ritviz,Parab"]
[Black "Holzke,Frank"]
[Site "Biel"]
[Round "10.19"]
[Annotator "RC"]
[Result "1-0"]
[Date "2024.07.25"]
[WhiteElo "2334"]
[BlackElo "2450"]
[PlyCount "161"]

1. e4 c5 2. Nf3 Nc6 3. Bb5 g6 4. O-O Bg7 5. Re1 Nf6 6. e5 Nd5 7. Nc3 Nc7 8. Bxc6 dxc6 9. d3 O-O 10. h3 b6 11. Bd2 Be6 12. Qc1 c4 13. dxc4 Bxc4 14. Bh6 Bd5 15. Nh2 Be6 16. Re4 f5 17. exf6 exf6 18. Bxg7 Kxg7 19. Qe3 Nd5 20. Nxd5 Bxd5 21. Rd4 Re8 22. Qd2 Qe7 23. Ng4 Rad8 24. Rd1 Rc8 25. Qh6+ Kh8 26. Qf4 f5 27. Ne3 Qe5 28. Qh4 Qe7 29. Qf4 Qe5 30. Nxd5 cxd5 31. Qd2 Rc4 32. Rxd5 Qxb2 33. Rd7 Rh4 34. Qg5 Rh5 35. Qf4 Qf6 36. R1d6 Rh4 37. Rxf6 Rxf4 38. Rxa7 Rc4 39. Rff7 Rxc2 40. Rxh7+ Kg8 41. Rhg7+ Kh8 42. Rh7+ Kg8 43. Rhg7+ Kh8 44. Rxg6 Re1+ 45. Kh2 Rxf2 46. Rxb6 Re8 47. Kg3 Rf1 48. Kh4 f4 49. Kg5 f3 50. Kh6 Rfe1 51. Rh7+ Kg8 52. Rg6+ Kf8 53. Rf6+ Kg8 54. Rg7+ Kh8 55. Rxf3 R1e6+ 56. Rg6 R6e7 57. Kh5 Rh7+ 58. Kg5 Ra7 59. a3 Kh7 60. Rh6+ Kg7 61. Rhf6 Rea8 62. g4 Ra5+ 63. R6f5 R5a6 64. Rf7+ Kg8 65. h4 Ra5+ 66. R7f5 R5a7 67. h5 Rg7+ 68. Kh4 Rga7 69. Rg5+ Kh7 70. Rg6 Rxa3 71. Rf7+ Kh8 72. Rh6+ Kg8 73. Rfh7 R8a4 74. Rh8+ Kg7 75. R6h7+ Kf6 76. Rf8+ Ke6 77. Re8+ Kf6 78. Ree7 Rxg4+ 79. Kxg4 Ra4+ 80. Kf3 Rf4+ 81. Ke3 1-0

[Event "57th Biel Festival MTO 2024"]
[White "Macovei,Andrei"]
[Black "Song,Ethan"]
[Site "Biel"]
[Round "10.20"]
[Annotator "TA"]
[Result "1-0"]
[Date "2024.07.25"]
[WhiteElo "2479"]
[BlackElo "2244"]
[PlyCount "83"]

1. e4 e5 2. Nf3 Nc6 3. Bb5 Nf6 4. d3 Bc5 5. Bxc6 dxc6 6. O-O Bd6 7. Bg5 Qe7 8. Nbd2 h6 9. Bh4 Bg4 10. h3 Bxf3 11. Qxf3 g5 12. Bg3 Nd7 13. Nc4 O-O-O 14. c3 Qe6 15. b4 Nb6 16. Ne3 c5 17. bxc5 Bxc5 18. Nf5 Kb8 19. a4 Nc8 20. Rfd1 f6 21. d4 Bd6 22. d5 Qf7 23. Rdb1 Ka8 24. Rb5 c6 25. dxc6 bxc6 26. Rb2 Bc5 27. Nd4 Rxd4 28. Bxe5 Rd6 29. Bxd6 Nxd6 30. e5 Qc7 31. exd6 Bxd6 32. Rab1 Be5 33. Qd3 Qc8 34. a5 Rd8 35. Qc4 Qd7 36. g3 h5 37. Rd2 Bd6 38. Rbd1 Qc7 39. Qe6 Be7 40. Rxd8+ Bxd8 41. Rd7 Qc8 42. Qe8 1-0

[Event "57th Biel Festival MTO 2024"]
[White "Munkhzul,Turmunkh"]
[Black "Thavandiran,Shiyam"]
[Site "Biel"]
[Round "10.21"]
[Annotator "TA"]
[Result "0-1"]
[Date "2024.07.25"]
[WhiteElo "2232"]
[BlackElo "2387"]
[PlyCount "144"]

1. e4 e6 2. d4 d5 3. exd5 exd5 4. Bd3 Nc6 5. c3 Bd6 6. Ne2 Qh4 7. Be3 Nf6 8. Nd2 Ng4 9. Nf3 Nxe3 10. Nxh4 Nxd1 11. Rxd1 Ne7 12. O-O g5 13. Nf3 f6 14. Rfe1 Kf7 15. c4 c6 16. Nc3 Bd7 17. Nd2 Rad8 18. Nf1 dxc4 19. Bxc4+ Kg7 20. Ne4 Bb4 21. Re3 b5 22. a3 Nf5 23. Re2 Ba5 24. Ba2 Rhe8 25. Nc3 Rxe2 26. Nxe2 Re8 27. Neg3 Nd6 28. h4 gxh4 29. Nh5+ Kg6 30. Nf4+ Kg5 31. Nd3 Re2 32. Nh2 Bf5 33. Nf3+ Kg4 34. Nh2+ Kg5 35. Nf3+ Kh6 36. Nxh4 Bxd3 37. Rxd3 Rxb2 38. Be6 Be1 39. Nf5+ Nxf5 40. Bxf5 Bxf2+ 41. Kf1 a5 42. Bd7 c5 43. dxc5 Bxc5 44. Rd5 Rf2+ 45. Ke1 Rc2 46. Kd1 Rc3 47. Bxb5 Bxa3 48. Ba4 Rc1+ 49. Ke2 Bb4 50. Kf3 Rc3+ 51. Kg4 Rc7 52. Kf5 Bc3 53. Ke6 Rc4 54. Bc2 Be5 55. Bf5 Rc6+ 56. Kd7 Ra6 57. Bd3 Ra7+ 58. Ke6 a4 59. Bb1 a3 60. Ba2 Kg5 61. Rb5 Ra6+ 62. Kf7 h5 63. Rb3 h4 64. Rf3 Bb2 65. Rb3 f5 66. Ke7 Rc6 67. Rb5 Bf6+ 68. Kf7 Rc7+ 69. Ke6 Re7+ 70. Kd6 Re2 71. Be6 a2 72. Rxf5+ Kg6 0-1

[Event "57th Biel Festival MTO 2024"]
[White "Chinguun,Sumiya"]
[Black "Kamber,Bruno"]
[Site "Biel"]
[Round "10.22"]
[Annotator "RC"]
[Result "1-0"]
[Date "2024.07.25"]
[WhiteElo "2348"]
[BlackElo "2188"]
[PlyCount "79"]

1. e4 c5 2. Nc3 e6 3. f4 a6 4. g3 b5 5. Bg2 Bb7 6. Nh3 b4 7. Na4 Nf6 8. d3 d5 9. e5 Bc6 10. c4 Ng8 11. Be3 d4 12. Bxc6+ Nxc6 13. Bd2 f6 14. Qf3 Rc8 15. exf6 Nxf6 16. Ng5 e5 17. O-O-O Bd6 18. Ne6 Qe7 19. Nb6 Qxe6 20. f5 e4 21. dxe4 Qf7 22. Nxc8 Qxc4+ 23. Kb1 Be5 24. Bf4 g5 25. Nd6+ Bxd6 26. Bxd6 g4 27. Qf4 d3 28. Rc1 Qd4 29. Bxc5 Qe5 30. Qxe5+ Nxe5 31. Bd4 d2 32. Bxe5 dxc1=Q+ 33. Rxc1 O-O 34. Rc7 Nh5 35. Bd6 Rf6 36. Rc8+ Kf7 37. Bxb4 Rb6 38. Bc5 Rh6 39. e5 Ng7 40. Rf8# 1-0

[Event "57th Biel Festival MTO 2024"]
[White "Woong,Zhi Wei William"]
[Black "Padmini,Rout"]
[Site "Biel"]
[Round "10.23"]
[Annotator "RC"]
[Result "0-1"]
[Date "2024.07.25"]
[WhiteElo "2139"]
[BlackElo "2348"]
[PlyCount "101"]

1. e4 c5 2. Nf3 d6 3. Bb5+ Nd7 4. a4 Ngf6 5. Nc3 e6 6. O-O Be7 7. Re1 O-O 8. a5 a6 9. Bxd7 Bxd7 10. e5 Nd5 11. Ne4 dxe5 12. Nxe5 Be8 13. b3 f6 14. Nc4 Rc8 15. Bb2 Rc6 16. d3 Qc7 17. Qf3 Qf4 18. Qxf4 Nxf4 19. Nc3 Bd8 20. Ba3 e5 21. Ne4 Be7 22. Nb6 Bf7 23. g3 Ne6 24. Kg2 Rd8 25. Nc3 Bf8 26. Ne2 Bd6 27. Nc4 Bc7 28. Bc1 g5 29. f3 h5 30. Kf2 Kg7 31. Rg1 Kg6 32. Bb2 g4 33. Rgf1 Ng5 34. f4 Nh3+ 35. Ke3 exf4+ 36. Nxf4+ Nxf4 37. gxf4 Kf5 38. Ra4 Re8+ 39. Kd2 Bxc4 40. Rxc4 Bxa5+ 41. b4 Bxb4+ 42. c3 Ba5 43. Ba3 Bc7 44. d4 cxd4 45. Rxd4 Rd8 46. Kd3 Bb6 47. Rxd8 Bxd8 48. Bc1 b5 49. Bd2 Bc7 50. Be3 Rc4 51. Bd2 0-1

[Event "57th Biel Festival MTO 2024"]
[White "Demchenko,Svitlana"]
[Black "Smeets,Kobe"]
[Site "Biel"]
[Round "10.24"]
[Annotator "RC"]
[Result "0-1"]
[Date "2024.07.25"]
[WhiteElo "2176"]
[BlackElo "2324"]
[PlyCount "130"]

1. e4 c5 2. c3 Nf6 3. e5 Nd5 4. d4 cxd4 5. Nf3 d6 6. cxd4 e6 7. Bc4 Be7 8. O-O O-O 9. Qe2 b6 10. Rd1 Bb7 11. Nc3 Nxc3 12. bxc3 Qc7 13. Bd3 Nd7 14. Bf4 Bxf3 15. Qxf3 dxe5 16. dxe5 g6 17. Qg3 Rfd8 18. Rac1 Nf8 19. Be2 Rxd1+ 20. Rxd1 Rc8 21. c4 Rd8 22. Rb1 Qc5 23. h3 Qa5 24. Qb3 Rd4 25. Be3 Rd8 26. Qb2 Bc5 27. Bxc5 Qxc5 28. Qc3 Qd4 29. Qxd4 Rxd4 30. Rd1 Re4 31. Kf1 Rxe5 32. Bf3 Kg7 33. Bc6 Rc5 34. Bb5 e5 35. Ke2 Ne6 36. Rd7 Nc7 37. Kd3 Kf6 38. Ba4 Ke6 39. Rd8 Ra5 40. Bb3 Ke7 41. Rh8 h5 42. g3 Na6 43. Ke3 Nc5 44. Ra8 Ra3 45. Rb8 a5 46. Kd2 a4 47. Bc2 Nd7 48. Ra8 Rxa2 49. Rxa4 Rxa4 50. Bxa4 f5 51. Ke3 g5 52. Bd1 h4 53. gxh4 gxh4 54. f4 Kf6 55. Bf3 Nc5 56. Bg2 Ne6 57. fxe5+ Kxe5 58. Bf1 Ng5 59. Bg2 f4+ 60. Kd3 f3 61. Bf1 Kf4 62. Kd4 Kg3 63. Kd5 Nxh3 64. Kc6 Nf4 65. Kxb6 h3 0-1

[Event "57th Biel Festival MTO 2024"]
[White "Toktomushev,Teimur"]
[Black "Mostertman,Milan"]
[Site "Biel"]
[Round "10.25"]
[Annotator "RC"]
[Result "1-0"]
[Date "2024.07.25"]
[WhiteElo "2300"]
[BlackElo "2231"]
[PlyCount "133"]

1. d4 d5 2. c4 c6 3. Nc3 Nf6 4. e3 e6 5. Nf3 Nbd7 6. Qc2 Bd6 7. Bd3 O-O 8. O-O dxc4 9. Bxc4 b5 10. Bd3 Bb7 11. e4 e5 12. dxe5 Nxe5 13. Nxe5 Bxe5 14. h3 Re8 15. Be3 a6 16. Rad1 Qe7 17. a4 Bxc3 18. bxc3 c5 19. axb5 axb5 20. Bxb5 Bxe4 21. Qe2 Nd5 22. Bd2 Bc2 23. Qxe7 Rxe7 24. Bc6 Bxd1 25. Bxa8 Nc7 26. Rxd1 Nxa8 27. Be3 Re8 28. Bxc5 f6 29. c4 Nc7 30. Be3 Rc8 31. c5 Na6 32. Kf1 Rc7 33. Rd5 Nb4 34. Rd2 Na6 35. Rc2 Kf7 36. Ke2 Ke6 37. Kf3 Kd5 38. Rd2+ Kc4 39. Bf4 Rxc5 40. Rd7 g5 41. Be3 Rc6 42. Rxh7 Kd5 43. Rh6 Nb4 44. Kg4 Ke5 45. Bxg5 fxg5 46. Rxc6 Nxc6 47. Kxg5 Ke6 48. f4 Kf7 49. h4 Nd4 50. f5 Ne2 51. g4 Nc3 52. h5 Kg7 53. h6+ Kf7 54. Kf4 Kg8 55. Ke5 Ne2 56. g5 Kh7 57. Kf6 Ng3 58. Ke5 Ne2 59. f6 Kg6 60. Ke6 Nf4+ 61. Ke7 Kxg5 62. h7 Kf5 63. f7 Ng6+ 64. Ke8 Kf6 65. f8=Q+ Nxf8 66. h8=Q+ Kg6 67. Qxf8 1-0

[Event "57th Biel Festival MTO 2024"]
[White "Collin,Moritz Valentin"]
[Black "Altantuya,Boldbaatar"]
[Site "Biel"]
[Round "10.26"]
[Annotator "RC"]
[Result "1-0"]
[Date "2024.07.25"]
[WhiteElo "2312"]
[BlackElo "2107"]
[PlyCount "89"]

1. d4 Nf6 2. c4 e6 3. Nc3 Bb4 4. e3 O-O 5. Bd2 c5 6. a3 Bxc3 7. Bxc3 Ne4 8. Ne2 b6 9. d5 Bb7 10. f3 Nxc3 11. Nxc3 exd5 12. cxd5 d6 13. e4 a6 14. a4 Nd7 15. Be2 Qh4+ 16. g3 Qh3 17. Bf1 Qh6 18. Qd2 Qxd2+ 19. Kxd2 f5 20. exf5 Ne5 21. Be2 Rxf5 22. f4 Ng6 23. Bg4 Rff8 24. Rhe1 Rfb8 25. Kc2 Kf8 26. Bf5 Ne7 27. Bxh7 Nxd5 28. Nxd5 Bxd5 29. Rad1 Bc6 30. Be4 Bxe4+ 31. Rxe4 Rd8 32. Re6 d5 33. Rxb6 d4 34. b3 Rac8 35. Rxa6 c4 36. bxc4 Rxc4+ 37. Kd3 Rc3+ 38. Ke4 Re3+ 39. Kf5 Rd5+ 40. Kg6 d3 41. f5 d2 42. Ra8+ Ke7 43. Kxg7 Rxf5 44. Ra7+ Ke6 45. Ra6+ 1-0

[Event "57th Biel Festival MTO 2024"]
[White "Munguntuul,Batkhuyag"]
[Black "Federer,Colin"]
[Site "Biel"]
[Round "10.27"]
[Annotator "TA"]
[Result "1/2-1/2"]
[Date "2024.07.25"]
[WhiteElo "2376"]
[BlackElo "2187"]
[PlyCount "121"]

1. e4 c5 2. Nf3 d6 3. d4 cxd4 4. Nxd4 Nf6 5. Nc3 a6 6. Be3 e5 7. Nf3 Be7 8. Bc4 O-O 9. O-O Be6 10. Bb3 Nc6 11. Qe2 Na5 12. Rfd1 Nxb3 13. cxb3 Nd7 14. Ne1 Rc8 15. Nc2 f5 16. exf5 Rxf5 17. Nb4 Nf6 18. Nbd5 Nxd5 19. Nxd5 Bxd5 20. Rxd5 Qd7 21. Qd3 Qe6 22. Qe4 Rff8 23. Rad1 Qf5 24. Qxf5 Rxf5 25. f4 Rc2 26. fxe5 dxe5 27. Rd7 Bg5 28. Bxg5 Rxg5 29. R7d2 Rxd2 30. Rxd2 Rf5 31. Rd8+ Rf8 32. Rd5 Rf5 33. b4 b5 34. b3 Kf7 35. Rd7+ Ke6 36. Rxg7 e4 37. Rxh7 Ke5 38. Re7+ Kd4 39. g4 Rf4 40. h3 e3 41. g5 Rf5 42. h4 Rf4 43. h5 Rg4+ 44. Kf1 Rxg5 45. h6 Rg6 46. h7 Rh6 47. Rd7+ Kc3 48. Ke2 Kxb4 49. Ra7 Rh3 50. Kd3 a5 51. Ke2 a4 52. bxa4 bxa4 53. Re7 Rh2+ 54. Kxe3 Ka3 55. Kf4 Rh4+ 56. Kg3 Rh6 57. Re3+ Kxa2 58. Re2+ Kb1 59. Rh2 Rxh7 60. Rxh7 a3 61. Kf3 1/2-1/2

[Event "57th Biel Festival MTO 2024"]
[White "Follesa,Enrico"]
[Black "Sukandar,Irine Kharisma"]
[Site "Biel"]
[Round "10.28"]
[Annotator "RC"]
[Result "1/2-1/2"]
[Date "2024.07.25"]
[WhiteElo "2241"]
[BlackElo "2338"]
[PlyCount "107"]

1. e4 e5 2. Nf3 Nc6 3. d4 exd4 4. Nxd4 Bc5 5. Nb3 Bb6 6. Nc3 Nf6 7. Qe2 O-O 8. Be3 d5 9. O-O-O d4 10. Bg5 h6 11. Bh4 Be6 12. f3 Re8 13. Kb1 Qe7 14. Na4 g5 15. Bg3 Nh5 16. Qe1 Bxb3 17. cxb3 Ba5 18. Qf2 a6 19. Rc1 Bb4 20. a3 Bd6 21. Bxd6 Qxd6 22. Nc5 b6 23. Nd3 Ne5 24. g3 c5 25. h4 g4 26. Nxe5 Qxe5 27. Bd3 gxf3 28. Qxf3 Re6 29. Rhf1 Rf6 30. Qg4+ Kh8 31. Rxf6 Nxf6 32. Qf3 h5 33. Rf1 Kg7 34. Qg2 Re8 35. Rf5 Qe6 36. e5 Ng4 37. Rg5+ Kf8 38. Bc4 Qh6 39. Qe4 b5 40. Bxf7 Rxe5 41. Qf4 Qf6 42. Rxe5 Qxf4 43. gxf4 Nxe5 44. Bxh5 Nd3 45. f5 Kg7 46. Bf3 Ne5 47. Be4 a5 48. b4 axb4 49. axb4 c4 50. Kc2 Kf6 51. Kd2 Nf7 52. Bc6 Nd6 53. Bd7 Ke7 54. Bc6 1/2-1/2

[Event "57th Biel Festival MTO 2024"]
[White "Ohler,Julius"]
[Black "Haimovich,Tal"]
[Site "Biel"]
[Round "10.29"]
[Annotator "RC"]
[Result "1/2-1/2"]
[Date "2024.07.25"]
[WhiteElo "2078"]
[BlackElo "2330"]
[PlyCount "149"]

1. c4 Nf6 2. g3 d6 3. Bg2 g6 4. Nc3 Bg7 5. d3 O-O 6. Nf3 Nc6 7. O-O a6 8. Rb1 Bd7 9. h3 Qc8 10. Kh2 b5 11. b3 b4 12. Nd5 Nxd5 13. cxd5 Na7 14. a4 bxa3 15. Bxa3 Nb5 16. Bb2 Qb7 17. Qd2 Rab8 18. Bxg7 Kxg7 19. Qb2+ Kg8 20. Nd4 Qb6 21. Nxb5 Bxb5 22. h4 Rb7 23. Qc3 Bd7 24. d4 a5 25. Rfc1 Bf5 26. Ra1 Ra7 27. Ra3 Rb8 28. Rca1 Qb4 29. Qxb4 Rxb4 30. e3 h5 31. Rxa5 Rxa5 32. Rxa5 Rxb3 33. Ra8+ Kg7 34. Re8 Rc3 35. Bf3 Kf6 36. Kg2 Bd7 37. Rb8 e6 38. dxe6 Bxe6 39. Rb2 Rc1 40. d5 Bd7 41. Rb4 Ke7 42. Re4+ Kd8 43. Rf4 Be8 44. Rd4 Bb5 45. Bd1 Ke7 46. f4 f5 47. Kf2 Rc3 48. Rd2 Bd3 49. Be2 Be4 50. Bf3 Kf6 51. Ke2 Rc1 52. Kf2 Bc2 53. Rd4 Bb3 54. Rd2 Ba4 55. Be2 Ke7 56. Bf3 Kd8 57. Be2 Bc2 58. Bd3 Bxd3 59. Rxd3 Rc2+ 60. Kf3 Kd7 61. Rd4 Rc3 62. Kf2 Rb3 63. Ra4 Rd3 64. Ra5 Rc3 65. Ra4 Rc2+ 66. Kf3 Rd2 67. Ra5 Rc2 68. Ra4 Ke7 69. Rb4 Rc5 70. Rd4 Rb5 71. Rc4 Kd7 72. Rd4 Rb3 73. Kf2 Rb5 74. Kf3 Rc5 75. Rd3 1/2-1/2

[Event "57th Biel Festival MTO 2024"]
[White "Gemelli,Romain"]
[Black "Emmenecker,Pierre-Antoine"]
[Site "Biel"]
[Round "10.30"]
[Annotator "RC"]
[Result "1/2-1/2"]
[Date "2024.07.25"]
[WhiteElo "2101"]
[BlackElo "2306"]
[PlyCount "46"]

1. d4 Nf6 2. c4 e6 3. Nf3 c5 4. d5 b5 5. e4 Nxe4 6. Bd3 Nf6 7. O-O bxc4 8. Bxc4 g6 9. Bf4 Bg7 10. Nc3 O-O 11. Nb5 Ba6 12. dxe6 fxe6 13. Bd6 Re8 14. Ne5 Bxb5 15. Bxb5 Ne4 16. Re1 Nxd6 17. Qxd6 Qb6 18. Qxb6 axb6 19. Nxd7 Nxd7 20. Bxd7 Re7 21. Bxe6+ Kf8 22. Bc4 Rxe1+ 23. Rxe1 Bxb2 1/2-1/2

[Event "57th Biel Festival MTO 2024"]
[White "Jain Kashish Manoj"]
[Black "Rappazzo,Johannes"]
[Site "Biel"]
[Round "10.31"]
[Annotator "RC"]
[Result "1-0"]
[Date "2024.07.25"]
[WhiteElo "2308"]
[BlackElo "2169"]
[PlyCount "113"]

1. e4 c5 2. Nf3 d6 3. Bb5+ Nd7 4. Ba4 Ngf6 5. O-O a6 6. c4 g6 7. d3 Bg7 8. Nc3 O-O 9. h3 b6 10. Be3 Bb7 11. Qd2 e6 12. Rae1 Rc8 13. Bh6 Ne5 14. Nxe5 dxe5 15. Bg5 Qd6 16. g4 Rfd8 17. Rd1 h5 18. f3 Nh7 19. Be3 f5 20. gxf5 exf5 21. Qg2 f4 22. Bf2 Kf7 23. Kh2 g5 24. Nd5 Bxd5 25. cxd5 Bf6 26. Rc1 Rg8 27. Bd1 Be7 28. Rh1 Nf6 29. Kg1 Rg7 30. Kf1 Ne8 31. h4 Qd7 32. hxg5 Rxg5 33. Qh3 Qxh3+ 34. Rxh3 Nd6 35. Bb3 Rcg8 36. Ke2 Kg6 37. Rch1 Rg7 38. Kf1 Rh7 39. Bh4 Nf7 40. a4 b5 41. R3h2 Bd8 42. Bxg5 Nxg5 43. Ke2 Rb7 44. a5 c4 45. dxc4 bxc4 46. Bxc4 Rxb2+ 47. Kd3 Rxh2 48. Rxh2 Nxf3 49. Ra2 h4 50. Ke2 Ng5 51. Bxa6 h3 52. Kf1 Be7 53. Bc8 Bc5 54. Bf5+ Kf6 55. a6 f3 56. d6 f2 57. Rxf2 1-0

[Event "57th Biel Festival MTO 2024"]
[White "Frayna,Janelle Mae"]
[Black "Shoshin,Kirill"]
[Site "Biel"]
[Round "10.32"]
[Annotator "RC"]
[Result "0-1"]
[Date "2024.07.25"]
[WhiteElo "2164"]
[BlackElo "2277"]
[PlyCount "134"]

1. e4 c5 2. Nf3 g6 3. c3 d5 4. exd5 Qxd5 5. d4 Bg7 6. Be3 Nf6 7. Na3 cxd4 8. Bc4 Qa5 9. Nxd4 O-O 10. h3 Nc6 11. Nxc6 bxc6 12. O-O Nd5 13. Bd2 Rb8 14. Bb3 Qc5 15. Qe2 a5 16. Qc4 Qxc4 17. Nxc4 Ba6 18. Nxa5 Bxf1 19. Kxf1 Rfc8 20. Re1 e6 21. Re4 Ra8 22. Nc4 h6 23. Ke1 Rd8 24. Kd1 Bxc3 25. Kc2 Bxd2 26. Nxd2 Rdb8 27. a3 Kf8 28. Nc4 Ra7 29. Ba2 c5 30. Ne5 Rc8 31. Bc4 Kg7 32. Bb5 Ne7 33. g4 f6 34. Nd3 Nc6 35. Bxc6 Rxc6 36. Rc4 Ra5 37. Kc3 e5 38. Nc1 Ra8 39. Nb3 Rac8 40. Na5 R6c7 41. f4 Kf7 42. fxe5 fxe5 43. Re4 Kf6 44. Nc4 Re7 45. Nb6 Rd8 46. Kc4 Ke6 47. Kxc5 Rc7+ 48. Kb5 Rd4 49. Re2 e4 50. Na4 Ke5 51. Nc5 Re7 52. a4 Kf4 53. a5 e3 54. a6 Rd2 55. Re1 Rxb2+ 56. Kc6 Ra2 57. Kd6 Re8 58. Kd7 Ra8 59. Kc6 R8xa6+ 60. Kd5 R6a5 61. Kd4 Rd2+ 62. Nd3+ Rxd3+ 63. Kxd3 Rd5+ 64. Ke2 Rd2+ 65. Kf1 Kf3 66. Ra1 e2+ 67. Ke1 Rd1+ 0-1

[Event "57th Biel Festival MTO 2024"]
[White "Cervantes Landeiro,Thalia"]
[Black "Lyutsinger,Iren"]
[Site "Biel"]
[Round "10.33"]
[Annotator "RC"]
[Result "1-0"]
[Date "2024.07.25"]
[WhiteElo "2271"]
[BlackElo "2069"]
[PlyCount "51"]

1. Nf3 Nf6 2. g3 e6 3. Bg2 d5 4. d4 c5 5. c4 Nc6 6. cxd5 Nxd5 7. O-O Be7 8. dxc5 Bxc5 9. Qc2 Be7 10. a3 O-O 11. e4 Nb6 12. Rd1 Bd7 13. Be3 Rc8 14. Qe2 Qc7 15. Nc3 Rfd8 16. Nb5 Qb8 17. a4 Na8 18. e5 a6 19. Nd6 Bxd6 20. exd6 e5 21. Ng5 g6 22. Bd5 Be8 23. Qf3 Rd7 24. Ne4 Rcd8 25. Qf6 Nd4 26. Rxd4 1-0

[Event "57th Biel Festival MTO 2024"]
[White "Winkelman,Albert"]
[Black "Coles,Robin"]
[Site "Biel"]
[Round "10.35"]
[Annotator "RC"]
[Result "1-0"]
[Date "2024.07.25"]
[WhiteElo "2243"]
[BlackElo "2084"]
[PlyCount "67"]

1. c4 e6 2. Nc3 d5 3. d4 Nf6 4. cxd5 exd5 5. Bg5 c6 6. e3 h6 7. Bh4 Be7 8. Bd3 O-O 9. Nge2 Re8 10. O-O Nbd7 11. f3 b5 12. Bf2 a5 13. Rc1 Nb6 14. Rc2 Ba6 15. Ng3 b4 16. Nce2 Bxd3 17. Qxd3 Rc8 18. Rfc1 Qd7 19. Qf5 Qb7 20. e4 dxe4 21. fxe4 Bf8 22. Nf4 Nbd7 23. Nd3 g6 24. Qf3 h5 25. e5 Nd5 26. Ne4 Be7 27. Kh1 Nf8 28. Ndc5 Qa7 29. Bg1 Bxc5 30. Rxc5 Ne6 31. Rxc6 Rxc6 32. Rxc6 Rd8 33. Nd6 Ndf4 34. d5 1-0

[Event "57th Biel Festival MTO 2024"]
[White "Kuandykuly,Danis"]
[Black "Gloeckler,Christian"]
[Site "Biel"]
[Round "10.36"]
[Annotator "RC"]
[Result "0-1"]
[Date "2024.07.25"]
[WhiteElo "1989"]
[BlackElo "2304"]
[PlyCount "60"]

1. e4 c5 2. Nf3 d6 3. d4 cxd4 4. Nxd4 Nf6 5. Nc3 a6 6. Bg5 e6 7. f4 Nbd7 8. Qe2 Qc7 9. O-O-O b5 10. a3 Be7 11. g4 h6 12. Bxf6 Bxf6 13. Bg2 Rb8 14. Rhe1 O-O 15. Qd2 Nb6 16. Qf2 Nc4 17. g5 hxg5 18. e5 dxe5 19. Nc6 exf4 20. Ne4 Bxb2+ 21. Kb1 Rb6 22. Nxg5 Rxc6 23. Qh4 Re8 24. Bxc6 Qxc6 25. Qh5 Qc7 26. Qh7+ Kf8 27. Qh8+ Ke7 28. Qh5 g6 29. Qh3 Bg7 30. Nh7 Qc5 0-1

[Event "57th Biel Festival MTO 2024"]
[White "Harish,Neeraj"]
[Black "Jaggy,Matteo"]
[Site "Biel"]
[Round "10.37"]
[Annotator "RC"]
[Result "1-0"]
[Date "2024.07.25"]
[WhiteElo "2123"]
[BlackElo "2211"]
[PlyCount "103"]

1. e4 c5 2. Nf3 d6 3. d4 cxd4 4. Nxd4 Nf6 5. Nc3 a6 6. Be3 e5 7. Nb3 Be7 8. f3 Be6 9. Qd2 O-O 10. O-O-O Nbd7 11. g4 b5 12. g5 b4 13. Ne2 Ne8 14. f4 a5 15. f5 a4 16. fxe6 axb3 17. cxb3 fxe6 18. Kb1 Qa5 19. Nc1 Nc7 20. Bc4 Kh8 21. Rhf1 Nb6 22. g6 Nxc4 23. bxc4 Qa4 24. Qg2 Qc6 25. b3 Qe8 26. Rxf8+ Bxf8 27. gxh7 d5 28. exd5 exd5 29. Bb6 Qh5 30. Qc2 Ne8 31. Rxd5 Nf6 32. Rb5 Re8 33. Bc5 Bxc5 34. Rxc5 Qh4 35. Qg6 Qe4+ 36. Qxe4 Nxe4 37. Rc7 Rd8 38. Rb7 Rd2 39. Rxb4 Nc3+ 40. Ka1 e4 41. Rb8+ Kxh7 42. Re8 Kg6 43. c5 Rc2 44. c6 Nb5 45. Re5 e3 46. a4 Rxc1+ 47. Kb2 Rxc6 48. axb5 Rf6 49. Rxe3 Rf2+ 50. Kc3 Rxh2 51. b6 Kf5 52. Re8 1-0

[Event "57th Biel Festival MTO 2024"]
[White "Kersten,Uwe"]
[Black "Fronda,Jan Jodilyn"]
[Site "Biel"]
[Round "10.38"]
[Annotator "RC"]
[Result "1-0"]
[Date "2024.07.25"]
[WhiteElo "2189"]
[BlackElo "2072"]
[PlyCount "47"]

1. e4 c5 2. Nf3 d6 3. Bb5+ Nd7 4. d4 cxd4 5. O-O Ngf6 6. Nxd4 a6 7. Bc4 e6 8. Re1 Be7 9. Bxe6 fxe6 10. Nxe6 Qb6 11. Nxg7+ Kf7 12. Nf5 Ne5 13. Nxe7 Kxe7 14. Be3 Qc6 15. Nc3 Be6 16. f4 Nc4 17. Bd4 Kf7 18. b3 Na3 19. f5 Bd7 20. Bxf6 Kxf6 21. Nd5+ Kf7 22. Qh5+ Kf8 23. Qh6+ Ke8 24. Qf6 1-0